000 00426nam a22001457a 4500
999 _c7558
_d7556
005 20210313131720.0
008 210313b ||||| |||| 00| 0 eng d
082 _a346.066
100 _aAIYAR, A.N.
_96466
245 _aREPORTS OF COMPANY CASES INCLUDING CASES OF BANKING AND INSURENCE [VOL-43]
260 _aMADRAS
_bCOMPANY LAW INSTITUTE OF INDIA PVT.LTD,
_c1973
300 _aI-XII, P
650 _aLAW
_95701
942 _cJRL